[Event "AUT-ch U12 Girls"]
[Site "St Veit"]
[Date "2017.06.06"]
[Round "7.6"]
[White "Kelaptrishvili, Elene"]
[Black "Maiberg, Sofia"]
[Result "0-1"]
[WhiteElo "1211"]
[BlackElo "970"]
[PlyCount "74"]
[EventDate "2017.06.03"]
[EventType "swiss"]
[EventRounds "7"]
[EventCountry "AUT"]
[SourceTitle "EXT 2024"]
[Source "ChessBase"]
[SourceDate "2023.10.10"]
[SourceVersion "1"]
[SourceVersionDate "2023.10.10"]
[SourceQuality "1"]

1. e4 e5 2. f4 d5 3. exd5 exf4 4. Nc3 Qh4+ 5. g3 fxg3 6. Bg2 gxh2+ 7. Ke2 hxg1N+ 8. Qxg1 Qe7+ 9. Qe3 Qxe3+ 10. dxe3 Bb4 11. Nb5 Kd8 12. Rd1 Bg4+ 13. Bf3 Bxf3+ 14. Kxf3 Bd6 15. Rb1 Nf6 16. b3 Re8 17. Rd3 Nbd7 18. Bd2 Ne5+ 19. Ke2 Nxd3 20. cxd3 Nxd5 21. Nxd6 cxd6 22. Kf3 h5 23. e4 Nf6 24. Bg5 Re5 25. Kf4 Kd7 26. Rh1 Rh8 27. a4 h4 28. b4 Rh5 29. Bxf6 gxf6 30. Rh3 Reg5 31. b5 Rg3 32. Rxg3 hxg3 33. Kxg3 f5 34. exf5 Rxf5 35. Kg4 Ke6 36. d4 Rd5 37. Kf3 Rxd4 0-1

[Event "Styrian op U08/10 23nd"]
[Site "Mureck"]
[Date "2016.08.09"]
[Round "7.6"]
[White "Klopf, Richard"]
[Black "Maiberg, Sofia"]
[Result "0-1"]
[WhiteElo "800"]
[BlackElo "888"]
[PlyCount "84"]
[EventDate "2016.08.03"]
[EventType "swiss"]
[EventRounds "9"]
[EventCountry "AUT"]
[SourceTitle "EXT 2024"]
[Source "ChessBase"]
[SourceDate "2023.10.10"]
[SourceVersion "1"]
[SourceVersionDate "2023.10.10"]
[SourceQuality "1"]

1. e4 c6 2. d4 d5 3. exd5 cxd5 4. Nc3 Nf6 5. Bg5 Nc6 6. Nf3 Bg4 7. Bb5 e6 8. h3 Bf5 9. 0-0 Be7 10. Bxf6 Bxf6 11. Re1 0-0 12. Bd3 Bxd3 13. Qxd3 Qb6 14. Na4 Qb4 15. b3 Nxd4 16. Nxd4 Bxd4 17. Rac1 Rac8 18. c3 Qa3 19. Ra1 Bc5 20. Rac1 Qxa2 21. Rb1 Bxf2+ 22. Kf1 Bxe1 23. Kxe1 Rc7 24. Kf1 a6 25. Qg3 Rfc8 26. Qd3 b5 27. Nb6 Rb8 28. Nxd5 exd5 29. Rd1 Qxb3 30. Re1 Qxc3 31. Qe3 Qc4+ 32. Kg1 Qc5 33. Kh1 Qxe3 34. Rxe3 h6 35. Rd3 a5 36. Rxd5 a4 37. Rd1 b4 38. Ra1 a3 39. Kg1 Ra7 40. Kf1 b3 41. Re1 b2 42. Kf2 b1Q 0-1

[Event "AUT-ch U10 Girls"]
[Site "St Veit"]
[Date "2016.05.28"]
[Round "6.4"]
[White "Maiberg, Sofia"]
[Black "Kelaptrishvili, Elene"]
[Result "0-1"]
[WhiteElo "865"]
[BlackElo "1211"]
[PlyCount "118"]
[EventDate "2016.05.27"]
[EventType "swiss"]
[EventRounds "7"]
[EventCountry "AUT"]
[SourceTitle "EXT 2024"]
[Source "ChessBase"]
[SourceDate "2023.10.10"]
[SourceVersion "1"]
[SourceVersionDate "2023.10.10"]
[SourceQuality "1"]

1. d4 Nf6 2. c4 e6 3. g3 Bb4+ 4. Bd2 Qe7 5. Nc3 c6 6. Nf3 b6 7. Bg2 Bb7 8. a3 Bxc3 9. Bxc3 Ba6 10. Bb4 Qd8 11. Rc1 d5 12. cxd5 exd5 13. Ne5 Bb7 14. 0-0 a5 15. Bd2 h5 16. Re1 Nbd7 17. Bg5 Qb8 18. Nxd7 Nxd7 19. e4 c5 20. exd5+ Kf8 21. dxc5 bxc5 22. Be7+ Kg8 23. Bxc5 Nxc5 24. Rxc5 h4 25. d6 Bxg2 26. Kxg2 hxg3 27. fxg3 Qxb2+ 28. Kf3 Rxh2 29. d7 Rf2+ 30. Ke4 Qb7+ 31. Qd5 Qxd5+ 32. Kxd5 Rd2+ 33. Kc6 Ra6+ 34. Kc7 Ra7+ 35. Kb6 Rdxd7 36. Rxa5 Rdb7+ 37. Kc6 Rxa5 38. Kxb7 Rxa3 39. g4 Rg3 40. Re4 g6 41. Kc6 f5 42. gxf5 gxf5 43. Re6 Ra3 44. Kd5 Ra5+ 45. Kd6 Kf7 46. Re5 Ra6+ 47. Kd5 Kf6 48. Re8 Ra5+ 49. Kd4 Kg5 50. Rg8+ Kf4 51. Rg7 Ra4+ 52. Kd5 Ke3 53. Re7+ Re4 54. Rxe4+ fxe4 55. Ke5 Kd3 56. Kf4 e3 57. Kf3 e2 58. Kf2 Kd2 59. Kf3 e1Q 0-1